<?xml version="1.0" encoding="UTF-8" ?>
<collection xmlns="http://www.loc.gov/MARC21/slim"><record><leader>01130nam a2200289   4500</leader><controlfield tag="001">230983</controlfield><controlfield tag="003">CH-000273-5</controlfield><controlfield tag="005">20250808153156.0</controlfield><datafield tag="020" ind1=" " ind2=" "><subfield code="a">978-84-8026-669-7</subfield></datafield><datafield tag="040" ind1=" " ind2=" "><subfield code="a">CH-000273-5</subfield><subfield code="b">ger</subfield><subfield code="e">rda</subfield></datafield><datafield tag="041" ind1="0" ind2=" "><subfield code="a">eng</subfield></datafield><datafield tag="041" ind1="0" ind2=" "><subfield code="a">spa</subfield></datafield><datafield tag="100" ind1="1" ind2=" "><subfield code="a">Estruch, Laia</subfield><subfield code="d">1981-</subfield><subfield code="e">Künstler</subfield><subfield code="4">art</subfield></datafield><datafield tag="245" ind1="1" ind2="0"><subfield code="a">Laia Estruch</subfield><subfield code="b">hello everyone</subfield><subfield code="c">editorial director: Alicia Pinteño</subfield></datafield><datafield tag="264" ind1=" " ind2="1"><subfield code="a">[Madrid]</subfield><subfield code="b">Museo Nacional Centro de Arte Reina Sofía</subfield><subfield code="c">[2025]</subfield></datafield><datafield tag="300" ind1=" " ind2=" "><subfield code="a">190 Seiten</subfield><subfield code="c">22 cm</subfield></datafield><datafield tag="336" ind1=" " ind2=" "><subfield code="a">Text</subfield><subfield code="b">txt</subfield><subfield code="2">rdacontent</subfield></datafield><datafield tag="336" ind1=" " ind2=" "><subfield code="a">unbewegtes Bild</subfield><subfield code="b">sti</subfield><subfield code="2">rdacontent</subfield></datafield><datafield tag="337" ind1=" " ind2=" "><subfield code="a">ohne Hilfsmittel zu benutzen</subfield><subfield code="b">n</subfield><subfield code="2">rdamedia</subfield></datafield><datafield tag="338" ind1=" " ind2=" "><subfield code="a">Band</subfield><subfield code="b">nc</subfield><subfield code="2">rdacarrier</subfield></datafield><datafield tag="546" ind1=" " ind2=" "><subfield code="a">Text auf Englisch mit gesprochenen Originaltexten der Performances auf Spanisch</subfield></datafield><datafield tag="600" ind1="1" ind2="7"><subfield code="a">Estruch, Laia</subfield><subfield code="d">1981-</subfield><subfield code="x">Performance</subfield><subfield code="g">Künste</subfield><subfield code="2">gnd</subfield></datafield><datafield tag="655" ind1=" " ind2="7"><subfield code="a">Ausstellungskatalog</subfield><subfield code="x">Museo Nacional Centro de Arte Reina Sofía</subfield><subfield code="y">26.02.2025-01.09.2025</subfield><subfield code="z">Madrid</subfield><subfield code="2">gnd-content</subfield></datafield><datafield tag="655" ind1=" " ind2="7"><subfield code="a">Bildband</subfield><subfield code="2">gnd-content</subfield></datafield><datafield tag="700" ind1="1" ind2=" "><subfield code="a">Pinteño, Alicia</subfield><subfield code="e">Herausgeber</subfield><subfield code="4">edt</subfield></datafield><datafield tag="710" ind1="2" ind2=" "><subfield code="a">Museo Nacional Centro de Arte Reina Sofía</subfield><subfield code="e">Veranstalter</subfield><subfield code="4">orm</subfield></datafield><datafield tag="852" ind1="4" ind2=" "><subfield code="a">CH-000273-5</subfield><subfield code="c">A 2025/0084</subfield></datafield></record></collection>